Central Library OPAC University of Rajshahi

اسلام اور سائنس ;; Islam aur science (Record no. 85764)

MARC details
000 -LEADER
fixed length control field 00669ngm a22002055a 4500
001 - CONTROL NUMBER
control field 85764
003 - CONTROL NUMBER IDENTIFIER
rucl marc code BD-RjUL
005 - DATE AND TIME OF LATEST TRANSACTION
control field 20250928143311.0
008 - FIXED-LENGTH DATA ELEMENTS--GENERAL INFORMATION
fixed length control field 250928s1965 pk vlurd
035 ## - SYSTEM CONTROL NUMBER
System control number BD-RjUL]85764
040 ## - CATALOGING SOURCE
Original cataloging agency DLC
Transcribing agency DLC
Description conventions amim
Language of cataloging eng
041 ## - LANGUAGE CODE
Language code of text/sound track or separate title urd
082 ## - DEWEY DECIMAL CLASSIFICATION NUMBER
Edition number 23
Classification number 297.265
Author mark and year DII 1965
245 00 - TITLE STATEMENT
Title اسلام اور سائنس ;; Islam aur science
Name of part/section of a work محمد رفیع الدین ;; Muhammad Rafiuddin
260 ## - PUBLICATION, DISTRIBUTION, ETC. (IMPRINT)
Date of publication, distribution, etc. Karachi :
Place of publication, distribution, etc. Iqbal Ekademy ,
Name of publisher, distributor, etc. 1965
300 ## - PHYSICAL DESCRIPTION
Pagination 73 p. ;
Size 24 cm
650 ## - SUBJECT ADDED ENTRY--TOPICAL TERM
Topical term or geographic name as entry element Islam and Science
9 (RLIN) 16092
942 ## - ADDED ENTRY ELEMENTS (KOHA)
Source of classification or shelving scheme Dewey Decimal Classification
Koha item type Books
Holdings
Lost status Source of classification or shelving scheme Damaged status Not for loan Collection code Permanent Location Current Location Shelving location Date acquired Source of acquisition Cost, normal purchase price Total Checkouts Full call number Date last seen Copy number Koha item type
  Dewey Decimal Classification   Not For Loan Non-fiction Central Library, University of Rajshahi Central Library, University of Rajshahi Reading Room 04/12/1971 feroz & sons 2.50   U 297.265 DII 1965 28/09/2025 C-1 Books